| 000 | 01910nkm a2200373 i 4500 | ||
|---|---|---|---|
| 001 | 4418 | ||
| 003 | ES-MaACL | ||
| 005 | 20250713063036.0 | ||
| 007 | khrbo | ||
| 008 | 070711s1988 sp --- g |001||spa d | ||
| 100 | 0 |
_aAlfonso, _d1902-1990 _919858 |
|
| 245 | 1 | 0 |
_aHomenaje a Celso Emilio Ferreiro [ _hFotografía] / _cAlfonso (sello). |
| 260 |
_a[S.l. : _bs.n.], _c1988. |
||
| 300 |
_a6 fot. : _bb. y n. ; _c12 x 18 cm. |
||
| 500 | _aDatos basados en invitación. | ||
| 511 | 0 | _aIntervienen en la apertura del acto: José Prat, Alfredo Conde; glosan y recitan: Xesús Alonso Montero, Uxio Novoneyra, Salvador García Bodaño, Ramiro Fonte, Alvarez Cáccamo, Xesús Rábade; incluye escenificación lírica y la actuación del conjunto de gaiteros Agrupación Xarabal. | |
| 518 | _aActo organizado por el Ateneo de Madrid en colaboración con el Ayuntamiento de Madrid y la Conselleria de Cultura y Deportes de la Xunta de Galicia, celebrado en el salón de actos el martes, 20 de septiembre de 1988, a las 19:00 h. | ||
| 600 | 1 | 4 |
_aPrat, José, _d1905-1994 _993665 |
| 600 | 1 | 4 |
_aConde, Alfredo, _d1945- _9173663 |
| 600 | 1 | 4 |
_aAlonso Montero, Xesús. _920364 |
| 600 | 1 | 4 |
_aNovoneyra, Uxío. _986099 |
| 600 | 1 | 4 |
_aGarcía Bodaño, Salvador. _954277 |
| 600 | 1 | 4 |
_aFonte, Ramiro. _951634 |
| 600 | 1 | 4 |
_aAlvarez Cáccamo, Xosé María. _920718 |
| 600 | 1 | 4 |
_aRábade, Xesús. _994829 |
| 610 | 2 | 4 |
_aAteneo de Madrid- _xActos culturales- _y1988- _vFotografías. _91903 |
| 710 | 2 |
_aAteneo de Madrid. _91875 |
|
| 710 | 1 |
_aGalicia. _bConsejería de Cultura y Deportes. _94454 |
|
| 710 | 1 |
_aMadrid. _bAyuntamiento _9234069 |
|
| 852 |
_aES-MaACL _jFOT 232/1988 |
||
| 856 | 4 |
_uhttp://www.ateneodemadrid.net/biblioteca_digital/imagenes/1988/0232_01-1988.jpg _zVer imagen |
|
| 856 | 4 |
_uhttp://www.ateneodemadrid.net/biblioteca_digital/imagenes/1988/0232_02-1988.jpg _zVer imagen |
|
| 999 |
_c4418 _d4418 |
||